000 01077nam a2200337 a 4500
001 000045136
003 DO-SdBNP
005 20171120110358.0
007 000045136
008 150204s2009 sp a g 000 f spa d
020 _a9788466320405
040 _aBPMSU
_bspa
_cBPMSU
082 4 _a863.3
_bC419d, 2009
100 1 _aCervantes Saavedra, Miguel de,
_d1547-1616.
240 _aDon Quijote
245 1 0 _aDon Quijote de La Mancha /
_cMiguel de Cervantes ; edición, notas y anexos de Francisco Rico.
260 _aMadrid :
_bSantillana Ediciones Generales,
_c2009
300 _a1333 p. :
_bil. ;
_c21 cm.
490 1 _aPunto de lectura
500 _aIncluye facsímil de portada de la primera edición 1605
650 _aNovela española.
700 1 _aRico, Francisco,
_d1942-
_eed.
830 0 _aPunto de lectura
930 1 _l
_m
_8
_f
_p
_g
930 1 _l
_m
_8
_f
_p
_g
_h
942 _2ddc
_cBK
945 _aInventariado extranjero / 2017 VM
956 _a
_b
_c
_l
_h
956 _a
_b
_c
_l
_h
956 _aVMATEO
_b10
_c20150918
_lBPMSU
_h00151
999 _c8261
_d8261